Action Movies of the Last 25 Years Quiz Stats

 Plays Quiz Updated Jan 2, 2019

Challenge
Share
Tweet
Score 0/25 Timer 08:00
1 Play Today
% Correct
Wonder Woman
98.6%
The Avengers
94.1%
Gladiator
90.4%
Pirates of the Caribbean: The Curse of the Black Pearl
88.1%
300
87.7%
The Fast and the Furious
87.1%
Mission: Impossible
87.1%
Transformers
86.3%
Speed
82.1%
Mad Max: Fury Road
81%
Batman Begins
80.2%
The Expendables
78.2%
Captain America: Civil War
77.7%
% Correct
Bad Boys
77.3%
Rush Hour
76.9%
Rise of the Planet of the Apes
71.8%
The Bourne Identity
71.8%
Air Force One
70.8%
Quantum of Solace
67.4%
Tomb Raider
66.8%
The Punisher
62%
Olympus Has Fallen
55.8%
The Boondock Saints
41.8%
Need for Speed
41.1%
12 Rounds
22.9%

You're not logged in!

Compare scores with friends on all Sporcle quizzes.
OR
Log In

You Might Also Like...

Show Comments

Extras

Top Quizzes Today


Score Distribution

Your Account Isn't Verified!

In order to create a playlist on Sporcle, you need to verify the email address you used during registration. Go to your Sporcle Settings to finish the process.

Report this User

Report this user for behavior that violates our Community Guidelines.

Details: